000 00234 a2200097 4500
001 51335
100 _aBobrow L S
245 _aFundamentals of Electrical Engineering
260 _aNew York
_bHolt Saunders
_c
090 _c32525
_d32525
942 _aNUST-CAE
_cM
_c25031
999 _c286408
_d286408